Fastest Men In History 100 Meters - Statistics

General Stats
  • This quiz has been taken 46 times
  • The average score is 4 of 10
Answer Stats
Hint Answer % Correct
9.58 Usain Bolt
98%
9.69 Tyson Gay
64%
9.69 Yohan Blake
62%
9.72 Asafa Powell
57%
9.74 Justin Gatlin
57%
9.76 Christian Coleman
31%
9.75 Kishane Thompson
26%
9.76 Fred Kerley
24%
9.77 Ferdinand Omanyala
10%
9.76 Trayvon Bromell
5%
No matching quizzes found
Score Distribution
Percent of People with Each Score
Percentile by Number Answered
Your Score History
You have not taken this quiz